000 00641nam a2200181Ia 4500
008 100920s9999 xx 000 0 und d
082 _b94470
_a24 न 05
100 _aकदम वि.द.
245 _aबनगरवाडी कादंबरीचे विशेष.
260 _bमनोकामना,शिवनगर.
_c2005
300 _a101
_bसाधी
365 _b110
520 _aसायो.
630 _aबनगरवाडी कादंबरीचे विशेष.
650 _aसायो.
730 _aबनगरवाडी कादंबरीचे विशेष.
942 _cBOOK
999 _c734913
_d734910